[Event "SRI-ch"]
[Site "Colombo"]
[Date "2024.03.24"]
[Round "5"]
[White "Amarathunga, Kosala Sandeepa Cha"]
[Black "Dandeniya, DDLN"]
[Result "1/2-1/2"]
[WhiteElo "1772"]
[BlackElo "1800"]
[PlyCount "162"]
[EventDate "2024.03.22"]
[EventType "tourn"]
[EventRounds "13"]
[EventCountry "SRI"]
[SourceTitle "CB15_2024"]
[SourceDate "2024.04.10"]
[SourceVersion "1"]
[SourceVersionDate "2024.04.10"]
[SourceQuality "1"]

1. e4 d6 2. d4 Nf6 3. Nc3 e5 4. Nf3 Nbd7 5. Bc4 Be7 6. 0-0 0-0 7. h3 c6 8. a4 b6 9. Re1 a6 10. Be3 Bb7 11. Bb3 Qc7 12. Qe2 b5 13. Bd2 exd4 14. Nxd4 b4 15. Nf5 Ne5 16. Nxe7+ Qxe7 17. Nd1 c5 18. f3 Rac8 19. Ne3 g6 20. c3 Nh5 21. Nc4 Nc6 22. Nb6 Rcd8 23. Nd5 Qh4 24. Qf2 Qxf2+ 25. Kxf2 Na5 26. Bd1 Bxd5 27. exd5 Nc4 28. Bh6 Nxb2 29. Be2 bxc3 30. Bxf8 Kxf8 31. Rec1 Nf4 32. Rxc3 c4 33. Ra2 Nxd5 34. Rc1 c3 35. Ra3 a5 36. Rb3 Nxa4 37. Rb5 Nc5 38. Bc4 Nf4 39. Rxc3 a4 40. Ra5 Rb8 41. Ra7 Rb2+ 42. Kg3 Ne2+ 43. Bxe2 Rxe2 44. Rc1 Kg7 45. Rd1 Re6 46. Ra8 Kf6 47. h4 h5 48. Rd4 Ke5 49. Rd1 Re7 50. Ra5 Rc7 51. Ra8 d5 52. Rd8 Rd7 53. Rc8 Kd6 54. Rc1 Nb3 55. R8c6+ Ke5 56. Re1+ Kd4 57. Ra6 Kc3 58. Rxa4 d4 59. Ra8 d3 60. Rc8+ Kd2 61. Kf2 Nd4 62. Rcc1 Nc2 63. Red1+ Kc3 64. Rb1 Re7 65. Rb8 Re2+ 66. Kg3 Rxg2+ 67. Kf4 Na3 68. Rc8+ Nc4 69. Ra1 Rb2 70. Ra3+ Rb3 71. Ra4 Rb4 72. Ra3+ Kd2 73. Ra2+ Kd1 74. Rxc4 Rxc4+ 75. Ke3 Rc3 76. Ra1+ Kc2 77. Ra2+ Kb3 78. Ra7 Kc2 79. Ra2+ Kd1 80. Ra1+ Rc1 81. Ra2 Rc3 1/2-1/2

[Event "SRI-ch"]
[Site "Colombo"]
[Date "2024.03.23"]
[Round "2"]
[White "Amarathunga, Kosala Sandeepa Cha"]
[Black "Wijerathna, Vinuka Dihain"]
[Result "1-0"]
[WhiteElo "1772"]
[BlackElo "1744"]
[PlyCount "109"]
[EventDate "2024.03.22"]
[EventType "tourn"]
[EventRounds "13"]
[EventCountry "SRI"]
[SourceTitle "CB15_2024"]
[SourceDate "2024.04.10"]
[SourceVersion "1"]
[SourceVersionDate "2024.04.10"]
[SourceQuality "1"]

1. e4 e5 2. Nf3 Nc6 3. Bc4 Bc5 4. c3 Nf6 5. d4 exd4 6. e5 d5 7. Bb5 Ne4 8. cxd4 Bb6 9. Nc3 0-0 10. Be3 Bg4 11. h3 Bh5 12. Qb3 Ne7 13. g4 Bg6 14. Nh4 c5 15. Nxg6 Nxg6 16. Nxe4 cxd4 17. Bg5 Ba5+ 18. Kf1 Qb6 19. Qxd5 h6 20. Bc1 Rad8 21. Qc5 Qxc5 22. Nxc5 Rd5 23. b4 Bxb4 24. Nd3 Rxb5 25. Rb1 Rc8 26. Bd2 a5 27. a3 Rc2 28. Be1 Nxe5 29. Nxe5 Rxe5 30. axb4 d3 31. Rd1 a4 32. Kg2 Rd5 33. Bd2 g5 34. Be3 Rb2 35. Bc5 d2 36. Ra1 Rd3 37. Rhd1 b5 38. Be3 Rxb4 39. Rxd2 Rxd2 40. Bxd2 Rb3 41. Bc1 Kg7 42. Ra3 Rb1 43. Be3 Kf6 44. Bd4+ Ke6 45. Bg7 f6 46. Rf3 b4 47. Rxf6+ Kd5 48. Ra6 a3 49. Bxh6 Kc4 50. Bf8 Kb5 51. Ra8 Ra1 52. Rb8+ Kc6 53. Rxb4 a2 54. Ra4 Kb5 55. Ra8 1-0

[Event "Asia-ch U20"]
[Site "Waskaduwa"]
[Date "2021.12.17"]
[Round "1"]
[White "Raahul, VS."]
[Black "Amarathunga, Kosala Sandeepa Cha"]
[Result "1-0"]
[WhiteElo "2387"]
[BlackElo "1319"]
[PlyCount "67"]
[EventDate "2021.12.17"]
[EventType "swiss"]
[EventRounds "9"]
[EventCountry "SRI"]
[SourceTitle "CBM 206 Extra"]
[Source "ChessBase"]
[SourceDate "2022.03.31"]
[SourceVersion "1"]
[SourceVersionDate "2022.03.31"]
[SourceQuality "1"]

1. c4 Nf6 2. Nc3 e6 3. e4 d5 4. cxd5 exd5 5. e5 Ng8 6. d4 Be6 7. Bd3 Nd7 8. Nge2 Bb4 9. 0-0 Qe7 10. f4 g6 11. f5 gxf5 12. Ng3 0-0-0 13. Nxf5 Qf8 14. Bg5 Ne7 15. Qa4 Nc6 16. Bxd8 Qxd8 17. Nb5 a6 18. Na7+ Nxa7 19. Qxb4 Nc6 20. Qc3 Qg5 21. Rf3 Ndb8 22. b4 h5 23. h4 Qd8 24. a4 Qf8 25. b5 Nb4 26. Nd6+ Kd7 27. Qxb4 cxd6 28. bxa6 dxe5 29. Qxb7+ Kd6 30. dxe5+ Kxe5 31. Qc7+ Kd4 32. Rf4+ Kxd3 33. Rd1+ Ke2 34. Qc2+ 1-0

[Event "Eastern Asia-ch U16"]
[Site "Tornelo INT"]
[Date "2021.10.31"]
[Round "8"]
[White "Amarathunga, Kosala Sandeepa Cha"]
[Black "Velarde, Jerish John"]
[Result "0-1"]
[WhiteElo "1071"]
[BlackElo "1697"]
[PlyCount "116"]
[EventDate "2021.10.29"]
[EventType "swiss"]
[EventRounds "9"]
[EventCountry "NET"]
[SourceTitle "CBM 205 Extra"]
[Source "ChessBase"]
[SourceDate "2022.01.31"]
[SourceVersion "1"]
[SourceVersionDate "2022.01.31"]
[SourceQuality "1"]

1. e4 d6 2. d4 Nf6 3. Nc3 g6 4. Be3 Bg7 5. Qd2 0-0 6. h3 a6 7. f4 b5 8. a3 Bb7 9. Bd3 Nbd7 10. Nf3 Rc8 11. 0-0 c5 12. e5 Bxf3 13. exf6 Bxf6 14. dxc5 Bb7 15. cxd6 exd6 16. Rad1 Re8 17. Bf2 Qc7 18. f5 Qc6 19. Be1 d5 20. fxg6 hxg6 21. Qf2 Re7 22. Be2 d4 23. Bf3 Qc7 24. Bxb7 Qxb7 25. Nb1 Qe4 26. c3 Rc5 27. g4 Bg5 28. Bd2 Be3 29. Bxe3 dxe3 30. Qe2 f5 31. Rd4 Qe6 32. g5 Rd5 33. Rdf4 Qb6 34. h4 Rd2 35. Nxd2 exd2+ 36. Qf2 Re1 37. Qxb6 Nxb6 38. Rd4 Nc4 39. Kf2 Rxf1+ 40. Kxf1 d1R+ 41. Rxd1 Ne3+ 42. Ke2 Nxd1 43. Kxd1 Kf7 44. Ke2 Ke6 45. b3 Kd5 46. Ke3 a5 47. Kf4 Ke6 48. c4 a4 49. bxa4 bxc4 50. a5 c3 51. Ke3 f4+ 52. Kd3 f3 53. a6 f2 54. Ke2 c2 55. a7 f1Q+ 56. Kxf1 c1Q+ 57. Ke2 Qc6 58. a8Q Qxa8 0-1

[Event "SRI-ch U14 Girls"]
[Site "Nugegoda"]
[Date "2021.03.14"]
[Round "11"]
[White "Weerasekara, Dishal Nimsara"]
[Black "Amarathunga, Kosala Sandeepa Cha"]
[Result "1/2-1/2"]
[WhiteElo "1494"]
[BlackElo "1286"]
[PlyCount "112"]
[EventDate "2021.03.09"]
[EventType "tourn"]
[EventRounds "11"]
[EventCountry "SRI"]
[SourceTitle "CBM 201 Extra"]
[Source "ChessBase"]
[SourceDate "2021.05.31"]
[SourceVersion "1"]
[SourceVersionDate "2021.05.31"]
[SourceQuality "1"]

1. e4 e6 2. d4 d5 3. Nc3 Nf6 4. e5 Nfd7 5. f4 c5 6. Nf3 Nc6 7. Be3 Qb6 8. Na4 Qa5+ 9. c3 c4 10. Kf2 b5 11. Nc5 Nxc5 12. dxc5 b4 13. Nd4 Bd7 14. Nxc6 Bxc6 15. cxb4 Qxb4 16. Qd4 Rc8 17. a3 Qb7 18. Rc1 a5 19. Qc3 a4 20. Bd4 Bd7 21. Qb4 Qc6 22. Bxc4 dxc4 23. Rxc4 Be7 24. Rd1 0-0 25. Qc3 Rb8 26. Be3 Rb3 27. Qd2 Qb5 28. Qxd7 Qxc4 29. Qxe7 Rxb2+ 30. Rd2 Rxd2+ 31. Bxd2 Qd4+ 32. Ke2 Rd8 33. Be3 Qd5 34. c6 Qxg2+ 35. Ke1 Rc8 36. c7 Qh1+ 37. Ke2 Qg2+ 38. Ke1 Qd5 39. Bc5 Qe4+ 40. Kd2 Qd5+ 41. Ke3 h6 42. Bd6 Qb3+ 43. Kd4 Qd5+ 44. Ke3 Qb3+ 45. Kf2 Qb2+ 46. Ke3 Qb7 47. Qd7 Qb3+ 48. Kf2 Qb7 49. Kg3 Qb3+ 50. Kh4 Qb7 51. h3 Ra8 52. Kg3 Qb3+ 53. Kh4 Qb7 54. Kg3 Qb3+ 55. Kf2 Qb2+ 56. Kg3 Qb3+ 1/2-1/2

[Event "SRI-ch U14 Girls"]
[Site "Nugegoda"]
[Date "2021.03.12"]
[Round "6"]
[White "Amarathunga, Kosala Sandeepa Cha"]
[Black "Weerasekara, Dinul Vinsitha"]
[Result "0-1"]
[WhiteElo "1286"]
[BlackElo "1267"]
[PlyCount "84"]
[EventDate "2021.03.09"]
[EventType "tourn"]
[EventRounds "11"]
[EventCountry "SRI"]
[SourceTitle "CBM 201 Extra"]
[Source "ChessBase"]
[SourceDate "2021.05.31"]
[SourceVersion "1"]
[SourceVersionDate "2021.05.31"]
[SourceQuality "1"]

1. f4 d5 2. Nf3 Nf6 3. c4 c5 4. cxd5 Nxd5 5. e3 g6 6. Nc3 Bg7 7. Bc4 Nb6 8. Be2 Nc6 9. a3 0-0 10. 0-0 Nd5 11. Ne4 b6 12. Ng3 Qc7 13. Rb1 e5 14. fxe5 Nxe5 15. d4 Nxf3+ 16. Bxf3 Bb7 17. Ne2 cxd4 18. exd4 Nf6 19. Bf4 Qd7 20. Bxb7 Qxb7 21. Rc1 Nd5 22. Bg3 Ne3 23. Rf3 Nxd1 24. Rxd1 Qe4 25. Kf1 Rfe8 26. Nc3 Qc2 27. Rf2 Qb3 28. Rfd2 Qc4+ 29. Kg1 Rad8 30. Bf2 b5 31. Rd3 Rd7 32. R1d2 Red8 33. Ne2 a5 34. b3 Qd5 35. Nf4 Qe4 36. Ne2 Bh6 37. Ng3 Qe7 38. Ra2 Bg7 39. Rad2 Qxa3 40. Ne4 Bxd4 41. Nf6+ Bxf6 42. Rxd7 Rxd7 0-1